<?xml version="1.0" encoding="UTF-8"?>
<record
    xmlns:xsi="http://www.w3.org/2001/XMLSchema-instance"
    xsi:schemaLocation="http://www.loc.gov/MARC21/slim http://www.loc.gov/standards/marcxml/schema/MARC21slim.xsd"
    xmlns="http://www.loc.gov/MARC21/slim">

  <leader>00746nam a22002411a 4500</leader>
  <controlfield tag="001">1405106689z1405106689</controlfield>
  <controlfield tag="001"></controlfield>
  <controlfield tag="005">20110718132334.0</controlfield>
  <controlfield tag="008">000307s2003                  000 1 eng d</controlfield>
  <datafield tag="015" ind1=" " ind2=" ">
    <subfield code="a">bA3V1194</subfield>
  </datafield>
  <datafield tag="020" ind1=" " ind2=" ">
    <subfield code="a">1405106689</subfield>
  </datafield>
  <datafield tag="021" ind1="0" ind2="0">
    <subfield code="a">1405106689</subfield>
    <subfield code="b">m</subfield>
  </datafield>
  <datafield tag="021" ind1="1" ind2="0">
    <subfield code="a">1405106689</subfield>
    <subfield code="b">v</subfield>
    <subfield code="c">pbk.</subfield>
    <subfield code="d">&#xA3;24.99</subfield>
  </datafield>
  <datafield tag="040" ind1=" " ind2=" ">
    <subfield code="a">BDS</subfield>
  </datafield>
  <datafield tag="082" ind1="0" ind2="0">
    <subfield code="a">401.43</subfield>
    <subfield code="b">R847</subfield>
    <subfield code="c">21</subfield>
  </datafield>
  <datafield tag="100" ind1="1" ind2=" ">
    <subfield code="a">Rothstein,</subfield>
    <subfield code="h">Susan Deborah.</subfield>
  </datafield>
  <datafield tag="245" ind1="1" ind2="0">
    <subfield code="a">Structuring events :</subfield>
    <subfield code="b">: a study in the semantics of aspect /</subfield>
    <subfield code="c">Susan Rothstein</subfield>
    <subfield code="e">Susan Rothstein.</subfield>
  </datafield>
  <datafield tag="260" ind1=" " ind2=" ">
    <subfield code="a">Oxford, UK :</subfield>
    <subfield code="b">Blackwell,</subfield>
    <subfield code="c">2003.</subfield>
  </datafield>
  <datafield tag="300" ind1=" " ind2=" ">
    <subfield code="a">232 p. ill. 25cm.</subfield>
  </datafield>
  <datafield tag="440" ind1=" " ind2="0">
    <subfield code="a">Explorations in semantics</subfield>
  </datafield>
  <datafield tag="504" ind1=" " ind2=" ">
    <subfield code="a">Bibliography Includes index.</subfield>
  </datafield>
  <datafield tag="650" ind1="0" ind2="0">
    <subfield code="a">Grammar, Comparative and general</subfield>
    <subfield code="x">Aspect.</subfield>
  </datafield>
  <datafield tag="999" ind1=" " ind2=" ">
    <subfield code="c">36882</subfield>
    <subfield code="d">36882</subfield>
  </datafield>
  <datafield tag="952" ind1=" " ind2=" ">
    <subfield code="0">0</subfield>
    <subfield code="1">0</subfield>
    <subfield code="2">lcc</subfield>
    <subfield code="4">0</subfield>
    <subfield code="7">0</subfield>
    <subfield code="8">GEN</subfield>
    <subfield code="a">CPL</subfield>
    <subfield code="b">CPL</subfield>
    <subfield code="c">GEN</subfield>
    <subfield code="d">2009-12-10</subfield>
    <subfield code="g">93.26</subfield>
    <subfield code="l">0</subfield>
    <subfield code="o">P 281.R675 2004</subfield>
    <subfield code="p">R09986A3232</subfield>
    <subfield code="r">2019-09-02 00:00:00</subfield>
    <subfield code="w">2009-12-10</subfield>
    <subfield code="y">BK</subfield>
  </datafield>
</record>
